000
00233nam a2200097Ia 4500
008
190216s9999||||xx |||||||||||||| ||und||
100
_a
Gopinathan Nair T N
245
0
_a
Malayalam-Parivarthanam
260
_b
Current Books
942
_c
BK
999
_c
30309
_d
30309